U.S. Army SBIR commercialization 1998.

Bibliographic Details
Corporate Author: United States. Army Research Office
Format: Government Document Book
Language:English
Published: Alexandria, Va. (5001 Eisenhower Ave., Alexandria 22333-0001) : U.S. Army Research Office, 1998.
Subjects:

MARC

Tag First Indicator Second Indicator Subfields
LEADER 00000cam a2200000 a 4500
001 in00000001784
005 20151007050640.0
008 981103s1998 vaua f000 0 eng d
035 |a (OCoLC)40221296 
035 |9 AJC5043AM 
040 |a GPO  |c GPO  |d DLC  |d MvI  |d UtOrBLW 
043 |a n-us-va 
049 |a UDOC 
074 |a 0325 
086 0 |a D 101.2:B 96/998 
245 0 0 |a U.S. Army SBIR commercialization 1998. 
246 3 |a US Army SBIR commercialization 1998 
264 1 |a Alexandria, Va. (5001 Eisenhower Ave., Alexandria 22333-0001) :  |b U.S. Army Research Office,  |c 1998. 
300 |a 24 unnumbered pages :  |b illustrations (some color) ;  |c 28 cm. 
336 |a text  |b txt  |2 rdacontent 
337 |a unmediated  |b n  |2 rdamedia 
338 |a volume  |b nc  |2 rdacarrier 
500 |a Cover title. 
500 |a Shipping list number: 99-0026-P. 
650 0 |a Small business  |x Research grants  |z United States. 
710 1 |a United States.  |b Army Research Office. 
999 |a MARS 
999 f f |s 42f0331b-e21f-38f7-aed7-f4dbd0251d82  |i 770b19ac-eac4-3b3a-9c63-890c7aff2d62  |t 0 
952 f f |p normal  |a Texas A&M University  |b College Station  |c Sterling C. Evans Library  |d Evans: US Documents (Annex 5th floor)  |t 0  |e D 101.2:B 96/998  |h Superintendent of Documents classification  |i unmediated -- volume  |m A14824399232 
998 f f |a D 101.2:B 96/998  |t 0  |l Evans: US Documents (Annex 5th floor)